000 00416nam a2200181Ia 4500
001 9864
005 20260306161749.0
008 260306t2005||||xx |||||||||||||| ||spa||
041 _aESP
082 _a802.8
_bS68 2005
100 _aSormani, Nora Lía
_eAUT
245 0 _aEl teatro para niños
260 _c2005
300 _a130 páginas :
_ccm.
650 _aGEN
654 _aCHU
942 _cLIB
_dJUS
_fJUS
_2ddc
_n
999 _c9864
_d9864